000 00287nam a2200097Ia 4500
082 _a920|JACK
245 0 _aJackers : a life in cricket
100 _a Jackman, Robin Cape Town, South Africa, 2011 1st ed
_950137
942 _cBK
008 210817s9999 xx 000 0 und d
999 _c161658
_d161657